<?xml version="1.0" encoding="UTF-8"?><marc:collection xmlns:marc="http://www.loc.gov/MARC21/slim">
  <marc:record>
    <marc:leader>00000nam  2200000zi 4500</marc:leader>
    <marc:controlfield tag="001">9.928520</marc:controlfield>
    <marc:controlfield tag="003">CaOODSP</marc:controlfield>
    <marc:controlfield tag="005">20250110151413</marc:controlfield>
    <marc:controlfield tag="006">m     o  d f      </marc:controlfield>
    <marc:controlfield tag="007">cr |n|||||||||</marc:controlfield>
    <marc:controlfield tag="008">230919e200604##qucdb   ob   f|0| 0 fre d</marc:controlfield>
    <marc:datafield tag="040" ind1=" " ind2=" ">
      <marc:subfield code="a">CaOODSP</marc:subfield>
      <marc:subfield code="b">fre</marc:subfield>
      <marc:subfield code="e">rda</marc:subfield>
      <marc:subfield code="c">CaOODSP</marc:subfield>
    </marc:datafield>
    <marc:datafield tag="043" ind1=" " ind2=" ">
      <marc:subfield code="a">n-cn-qu</marc:subfield>
    </marc:datafield>
    <marc:datafield tag="086" ind1="1" ind2=" ">
      <marc:subfield code="a">CW66-1367/2006F-PDF</marc:subfield>
    </marc:datafield>
    <marc:datafield tag="100" ind1="1" ind2=" ">
      <marc:subfield code="a">Maheu-Giroux, Mathieu, </marc:subfield>
      <marc:subfield code="e">auteur.</marc:subfield>
    </marc:datafield>
    <marc:datafield tag="245" ind1="1" ind2="0">
      <marc:subfield code="a">Dynamique des paysages de quatre Réserves nationales de faune du Québec : </marc:subfield>
      <marc:subfield code="b">suivi des habitats et des pressions périphériques : rapport final / </marc:subfield>
      <marc:subfield code="c">Mathieu Maheu-Giroux, Sylvie de Blois, Benoît Jobin.</marc:subfield>
    </marc:datafield>
    <marc:datafield tag="264" ind1=" " ind2="1">
      <marc:subfield code="a">[Sainte-Foy, Québec] : </marc:subfield>
      <marc:subfield code="b">Environnement Canada, Service canadien de la faune = Environment Canada, Canadian Wildlife Service, </marc:subfield>
      <marc:subfield code="c">avril 2006.</marc:subfield>
    </marc:datafield>
    <marc:datafield tag="300" ind1=" " ind2=" ">
      <marc:subfield code="a">1 ressource en ligne (viii, 69 pages) : </marc:subfield>
      <marc:subfield code="b">cartes, graphiques</marc:subfield>
    </marc:datafield>
    <marc:datafield tag="336" ind1=" " ind2=" ">
      <marc:subfield code="a">texte</marc:subfield>
      <marc:subfield code="b">txt</marc:subfield>
      <marc:subfield code="2">rdacontent/fre</marc:subfield>
    </marc:datafield>
    <marc:datafield tag="337" ind1=" " ind2=" ">
      <marc:subfield code="a">informatique</marc:subfield>
      <marc:subfield code="b">c</marc:subfield>
      <marc:subfield code="2">rdamedia/fre</marc:subfield>
    </marc:datafield>
    <marc:datafield tag="338" ind1=" " ind2=" ">
      <marc:subfield code="a">ressource en ligne</marc:subfield>
      <marc:subfield code="b">cr</marc:subfield>
      <marc:subfield code="2">rdacarrier/fre</marc:subfield>
    </marc:datafield>
    <marc:datafield tag="500" ind1=" " ind2=" ">
      <marc:subfield code="a">Édition numérisée de l’imprimé [par Environnement et changement climatique Canada].</marc:subfield>
    </marc:datafield>
    <marc:datafield tag="504" ind1=" " ind2=" ">
      <marc:subfield code="a">Comprend des références bibliographiques (pages 63-67).</marc:subfield>
    </marc:datafield>
    <marc:datafield tag="520" ind1=" " ind2=" ">
      <marc:subfield code="a">« Au Québec, huit Réserves Nationales de Faune (RNF) ont été établies depuis 1969 et quatre d’entre elles sont situées dans un contexte où les pressions périphériques pourraient compromettre le maintien de leur intégrité écologique (Lac Saint-François, Cap Tourmente, Baie de l’Isle-Verte, Pointeau-Père). L’objectif principal de cette étude a donc été de quantifier les changements dans les couvertures/utilisations du sol (C/US) survenus à l’intérieur et à l’extérieur de ces quatre RNF depuis leur acquisition, en portant une attention particulière aux pressions périphériques »--Résumé, page ii.</marc:subfield>
    </marc:datafield>
    <marc:datafield tag="650" ind1=" " ind2="6">
      <marc:subfield code="a">Habitat (Écologie)</marc:subfield>
      <marc:subfield code="x">Conservation</marc:subfield>
      <marc:subfield code="z">Québec (Province)</marc:subfield>
    </marc:datafield>
    <marc:datafield tag="650" ind1=" " ind2="6">
      <marc:subfield code="a">Refuges fauniques</marc:subfield>
      <marc:subfield code="z">Québec (Province)</marc:subfield>
      <marc:subfield code="x">Gestion.</marc:subfield>
    </marc:datafield>
    <marc:datafield tag="650" ind1=" " ind2="0">
      <marc:subfield code="a">Habitat conservation</marc:subfield>
      <marc:subfield code="z">Québec (Province)</marc:subfield>
    </marc:datafield>
    <marc:datafield tag="650" ind1=" " ind2="0">
      <marc:subfield code="a">Wildlife refuges</marc:subfield>
      <marc:subfield code="z">Québec (Province)</marc:subfield>
      <marc:subfield code="x">Management.</marc:subfield>
    </marc:datafield>
    <marc:datafield tag="710" ind1="1" ind2=" ">
      <marc:subfield code="a">Canada. </marc:subfield>
      <marc:subfield code="b">Environnement Canada, </marc:subfield>
      <marc:subfield code="e">organisme de publication.</marc:subfield>
    </marc:datafield>
    <marc:datafield tag="710" ind1="2" ind2=" ">
      <marc:subfield code="a">Service canadien de la faune, </marc:subfield>
      <marc:subfield code="e">organisme de publication.</marc:subfield>
    </marc:datafield>
    <marc:datafield tag="856" ind1="4" ind2="0">
      <marc:subfield code="q">PDF</marc:subfield>
      <marc:subfield code="s">3.04 Mo</marc:subfield>
      <marc:subfield code="u">https://publications.gc.ca/collections/collection_2025/eccc/cw66/CW66-1367-2006-fra.pdf</marc:subfield>
    </marc:datafield>
  </marc:record>
</marc:collection>
